MEDICINAL CHEMISTRY:MOLECULAR AND BIOCHEMICAL APPROACH (Record no. 7989)

MARC details
000 -LEADER
fixed length control field 00484nam a22001697a 4500
005 - DATE AND TIME OF LATEST TRANSACTION
control field 20230117113928.0
008 - FIXED-LENGTH DATA ELEMENTS--GENERAL INFORMATION
fixed length control field 220226b ||||| |||| 00| 0 eng d
020 ## - INTERNATIONAL STANDARD BOOK NUMBER
ISBN 978-0-19-568213-7
041 ## - LANGUAGE CODE
Language code of text/sound track or separate title eng
082 ## - DEWEY DECIMAL CLASSIFICATION NUMBER
Classification number 615.19
Item number NOG-M
100 ## - MAIN ENTRY--AUTHOR NAME
Personal name NOGRADY, THOMAS AND WEAVER, DONALD F.
245 ## - TITLE STATEMENT
Title MEDICINAL CHEMISTRY:MOLECULAR AND BIOCHEMICAL APPROACH
260 ## - PUBLICATION, DISTRIBUTION, ETC. (IMPRINT)
Place of publication U.K.
Name of publisher OXFORD UNIVERSITY PRESS
Year of publication 1988
300 ## - PHYSICAL DESCRIPTION
Number of Pages 649;p
650 ## - SUBJECT ADDED ENTRY--TOPICAL TERM
Topical Term PHARMACY
General subdivision B.PHARMA
942 ## - ADDED ENTRY ELEMENTS (KOHA)
Koha item type Books
Holdings
Lost status Damaged status Home library Current library Shelving location Date acquired Source of acquisition Cost, normal purchase price Full call number Accession Number Koha item type
    JRU Library   SHELF-5-B 26/02/2022 PURCHASE 1195.00 615.19 26724 Books